| Tag |
First Indicator |
Second Indicator |
Subfields |
| LEADER |
00000cam a2200000I 4500 |
| 001 |
in00002036821 |
| 005 |
20151101053846.0 |
| 008 |
800107t19441929nyua b 001 0 eng d |
| 035 |
|
|
|a (OCoLC)ocm05851236
|
| 040 |
|
|
|a GZS
|c GZS
|d OCL
|d TXA
|d UtOrBLW
|
| 049 |
|
|
|a TXAM
|
| 090 |
|
|
|a ML410.B4
|b S332 1944
|
| 100 |
1 |
|
|a Schauffler, Robert Haven,
|d 1879-1964.
|
| 245 |
1 |
0 |
|a Beethoven :
|b the man who freed music /
|c by Robert Haven Schauffler.
|
| 264 |
|
1 |
|a New York :
|b Tudor Pub. Co.,
|c 1944
|
| 264 |
|
4 |
|c ©1929
|
| 300 |
|
|
|a 693 pages :
|b illustrations, music. ;
|c 25 cm.
|
| 336 |
|
|
|a text
|b txt
|2 rdacontent
|
| 337 |
|
|
|a unmediated
|b n
|2 rdamedia
|
| 338 |
|
|
|a volume
|b nc
|2 rdacarrier
|
| 500 |
|
|
|a "In abridged form part one of this book has appeared serially in 'The Outlook and Independent'."
|
| 504 |
|
|
|a "A list of Beethoven's printed works": pages 642-660.
|
| 504 |
|
|
|a Bibliography: pages 636-641.
|
| 536 |
|
|
|a From the Howard Mayer Brown, Edward Downes and Mary Schieffelin Book Collections, October 2004.
|
| 600 |
1 |
0 |
|a Beethoven, Ludwig van,
|d 1770-1827.
|
| 994 |
|
|
|a E0
|b TXA
|
| 948 |
|
|
|a cataloged
|b h
|c 2005/3/24
|d c
|e bhartsfi
|f 12:46:06 pm
|
| 999 |
|
|
|a MARS
|
| 999 |
f |
f |
|s 01ae9a35-3d59-3977-bc0f-84b3b4aeef7c
|i 1be23f85-43a0-39bb-b3e9-6b4bf0d06a83
|t 0
|
| 952 |
f |
f |
|p ric
|a Texas A&M University
|b Rellis Campus
|c Joint Library Facility
|d Remote Storage
|t 0
|e ML410.B4 S332 1944
|h Library of Congress classification
|i unmediated -- volume
|m A14831653223
|
| 998 |
f |
f |
|a ML410.B4 S332 1944
|t 0
|l Remote Storage
|